000 00579nam a2200229Ia 4500
003 OSt
005 20220930185301.0
006 a|||||r|||| 00| 0
007 ta
008 220926b |||||||| |||| 00| 0 eng d
024 _a90686
037 _cTextbook
040 _aCRL
_cCRL
_beng
041 _2eng
_aeng
082 _aB2813, L6
100 _aHenkel Ramon E.
245 0 _aTests of significance
260 _aLondon
_bSage Publications UK
_c1976
300 _a92p.
_ccm.
942 _hB2813, L6
_cTB
_2CC
999 _c889880
_d889880